MDQL
is popping MORE tags! Check the
thread
!
Quizzes
Events
Quiz Creation
Community
Videos
Private Events
Remove Ads
Sign In
Join for FREE
Feedback
Dark Mode
Quiz Categories
Sports
Geography
Music
Movies
Television
Just For Fun
Miscellaneous
History
Literature
Language
Science
Gaming
Entertainment
Religion
Holiday
For Kids
Quiz Lab
Recent
Popular Today
Quiz Kudos Today
Editor Picks
Curator Picks
Quizzes by...
Day
Popularity
Type
Ratings
Length
Year
Community
Subscriptions
Recent Discussions
Orange Saloon
Badges
Playlists
Quests
Create
Leaderboards
Showdown
Live 5
Trivia Bingo
Activity
Puzzle Library
Sporcle Events
Private Events
Virtual Trivia
Globe League
Become a Host
Pub Owners
SporcleCon
Opinionation
Our Games
Videos
Blog
Mobile Apps
Partnerships
Remove Ads and Go Orange
Feedback
Sports
Athletes
MLB
NBA
NHL
NFL
Soccer
Sports Teams
WWE
NCAA
Football
Premier League
Basketball
Baseball
Hockey
Golf
Tennis
Cricket
Rugby
Auto Racing
Olympics
World Cup
Sports
Athletes
MLB
NBA
NHL
NFL
Soccer
Sports Teams
WWE
NCAA
Football
Premier League
Basketball
Baseball
Hockey
Golf
Tennis
Cricket
Rugby
Auto Racing
Olympics
World Cup
Random Quiz
Search Sporcle
×
Quiz Lab
Quiz Lab
Sports
NBA
Type in answers that appear in a list
Type in answers that appear in a list
Classic
Best Score? Go Orange.
20 ppg scorers in a season Stats
Can you name the NBA players to average 20 ppg in a season?
By
shiftyeyedog
20m
276 Questions
185 Plays
185 Plays
185 Plays
Comments
Comments
Give Quiz Kudos
Give Quiz Kudos
-
- Ratings
hide this ad
More Info
Replay
Link that replays current quiz
Next Quiz
Link to next quiz in quiz playlist
You Got
0%
They Got
Avg Score
65%
Avg Friend Score
Upgrade to see
Score Distribution
Jump to the score distribution portion of the page
Score
0/276
Timer
20:00
0
Plays Today
First year averaging 20 ppg
% Correct
99-
00
Ray Allen
95.7%
69-
70
Kareem Abdul-Jabbar
94.6%
03-
04
Carmelo Anthony
94.6%
83-
84
Eddie Johnson
94.1%
88-
89
Kevin Johnson
94.1%
92-
93
Larry Johnson
94.1%
86-
87
Magic Johnson
94.1%
78-
79
Marques Johnson
94.1%
66-
67
Gus Johnson
93.5%
05-
06
Joe Johnson
93.5%
84-
85
Michael Jordan
93.5%
93-
94
Cliff Robinson
93%
89-
90
David Robinson
93%
94-
95
Glenn Robinson
93%
77-
78
Truck Robinson
93%
04-
05
Gilbert Arenas
92.4%
68-
69
Flynn Robinson
92.4%
03-
04
LeBron James
91.9%
05-
06
Mike James
91.9%
89=90
Reggie Miller
91.9%
00-
01
Dirk Nowitzki
91.9%
07-
08
David West
91.9%
61-
62
Jerry West
91.9%
99-
00
Vince Carter
90.8%
91-
92
Scottie Pippen
90.8%
72-
73
Fred Carter
90.3%
85-
86
Jeff Malone
90.3%
86-
87
Karl Malone
90.3%
78-
79
Moses Malone
90.3%
00-
01
Paul Pierce
90.3%
90-
91
Ricky Pierce
90.3%
97-
98
Tim Duncan
89.7%
98-
99
Kevin Garnett
89.7%
79-
80
Ray Williams
89.7%
79-
80
Larry Bird
89.2%
96-
97
Allen Iverson
89.2%
85-
86
Charles Barkley
88.6%
07-
08
Stephen Jackson
88.6%
99-
00
Eddie Jones
88.6%
64-
65
Sam Jones
88.6%
82-
83
Isiah Thomas
88.6%
03-
04
Baron Davis
88.1%
02-
03
Ricky Davis
88.1%
77-
78
Walter Davis
88.1%
89-
90
Charles Smith
88.1%
75-
76
Randy Smith
88.1%
96-
97
Steve Smith
88.1%
60-
61
Oscar Robertson
87.6%
84-
85
Derek Smith
87.6%
75-
76
Phil Smith
87.6%
08-
09
Tony Parker
87%
03-
04
Michael Redd
87%
09-
10
Derrick Rose
87%
00-
01
Jalen Rose
87%
94-
95
Anfernee Hardaway
86.5%
90-
91
Tim Hardaway
86.5%
86-
87
Dale Ellis
85.9%
07-
08
Monta Ellis
85.9%
95-
96
Grant Hill
85.9%
95-
96
Juwan Howard
85.9%
84-
85
Hakeem Olajuwon
85.9%
02-
03
Jermaine O’Neal
85.9%
94-
95
Gary Payton
85.9%
04-
05
Dwyane Wade
85.9%
10-
11
LaMarcus Aldridge
85.4%
05-
06
Chris Bosh
85.4%
07-
08
Dwight Howard
85.4%
69-
70
Bob Love
85.4%
10-
11
Kevin Love
85.4%
85-
86
Kevin McHale
85.4%
92-
93
Shaquille O’Neal
85.4%
04-
05
Amare Stoudemire
85.4%
97-
98
Shareef Abdur-Rahim
84.9%
86-
87
Clyde Drexler
84.9%
99-
00
Kobe Bryant
84.3%
00-
01
Antawn Jamison
84.3%
00-
01
Tracy McGrady
84.3%
07-
08
Chris Paul
84.3%
86-
87
Patrick Ewing
83.8%
90-
91
Joe Dumars
83.2%
96-
97
Chris Webber
83.2%
06-
07
Carlos Boozer
82.7%
99-
00
Elton Brand
82.7%
67-
68
Bob Boozer
82.2%
07-
08
Kevin Durant
81.6%
76-
77
Julius Erving
81.6%
98-
99
Shawn Kemp
81.6%
10-
11
Russell Westbrook
81.6%
76-
77
George Gervin
81.1%
59-
60
Wilt Chamberlain
80.5%
03-
04
Pau Gasol
80.5%
51-
52
Bob Cousy
80%
First year averaging 20 ppg
% Correct
97-
98
Antoine Walker
80%
69-
70
Chet Walker
80%
04-
05
Rashard Lewis
79.5%
91-
92
Reggie Lewis
79.5%
08-
09
Brandon Roy
79.5%
69-
70
Jimmy Walker
79.5%
80-
81
Alex English
78.9%
66-
67
John Havlicek
78.9%
09-
10
David Lee
78.9%
83-
84
Dominique Wilkins
78.9%
69-
70
Walt Frazier
78.4%
08-
09
Devin Harris
78.4%
87-
88
Chris Mullin
78.4%
66-
67
Willis Reed
78.4%
92-
93
Alonzo Mourning
77.8%
96-
97
Jerry Stackhouse
77.8%
08-
09
Danny Granger
76.8%
10-
11
Blake Griffin
76.8%
82-
83
Mark Aguirre
76.2%
68-
69
Elvin Hayes
76.2%
98-
99
Stephon Marbury
76.2%
85-
86
James Worthy
76.2%
07-
08
Al Jefferson
75.7%
07-
08
Richard Jefferson
75.7%
02-
03
Shawn Marion
75.7%
96-
97
Damon Stoudamire
75.7%
58-
59
Elgin Baylor
75.1%
05-
06
Mike Bibby
75.1%
73-
74
Bob McAdoo
75.1%
04-
05
Jason Richardson
75.1%
84-
85
Micheal Ray Richardson
75.1%
78-
79
Campy Russell
75.1%
71-
72
Cazzie Russell
75.1%
00-
01
Peja Stojakovic
75.1%
65-
66
Rick Barry
74.1%
76-
77
Adrian Dantley
74.1%
77-
78
Bernard King
74.1%
06-
07
Kevin Martin
74.1%
93-
94
Latrell Sprewell
74.1%
71-
72
Nate Archibald
73.5%
49-
50
George Mikan
73.5%
54-
55
Bob Pettit
73.5%
84-
85
Tom Chambers
73%
88-
89
Mitch Richmond
73%
10-
11
Brook Lopez
72.4%
91-
92
Glen Rice
72.4%
02-
03
Steve Francis
71.9%
01-
02
Allan Houston
71.9%
90-
91
Brad Daugherty
70.8%
98-
99
Keith Van Horn
70.8%
06-
07
Ben Gordon
70.3%
01-
02
Richard Hamilton
70.3%
70-
71
Pete Maravich
70.3%
83-
84
Rolando Blackman
69.7%
66-
67
Dave Bing
69.2%
92-
93
Derrick Coleman
69.2%
67-
68
Earl Monroe
68.6%
76-
77
David Thompson
68.6%
81-
82
Mychal Thompson
68.6%
51-
52
Paul Arizin
68.1%
07-
08
Rudy Gay
68.1%
91-
92
Drazen Petrovic
67.6%
67-
68
Lenny Wilkens
67.6%
97-
98
Michael Finley
67%
72-
73
Dave Cowens
66.5%
86-
87
Ron Harper
65.9%
94-
95
Jamal Mashburn
65.9%
03-
04
Corey Maggette
65.4%
74-
75
Fred Brown
64.9%
87-
88
Byron Scott
64.9%
72-
73
Charlie Scott
64.9%
10-
11
Andrea Bargnani
64.3%
61-
62
Walt Bellamy
64.3%
78-
79
World B. Free
64.3%
55-
56
Dolph Schayes
64.3%
71-
72
Bob Lanier
63.8%
70-
71
Jo Jo White
63.8%
90-
91
Michael Adams
63.2%
95-
96
Sean Elliott
63.2%
85-
86
Larry Nance
62.7%
98-
99
Antonio McDyess
62.2%
81-
82
Kiki Vandeweghe
62.2%
59-
60
Tom Heinsohn
61.6%
91-
92
Jeff Hornacek
61.6%
01-
02
Cuttino Mobley
61.6%
90-
91
Hersey Hawkins
61.1%
61-
62
Hal Greer
60.5%
69-
70
Connie Hawkins
60.5%
95-
96
Cedric Ceballos
60%
82-
83
Sidney Moncrief
58.9%
73-
74
Calvin Murphy
58.9%
76-
77
Dan Issel
58.4%
First year averaging 20 ppg
% Correct
92-
93
Danny Manning
57.8%
95-
96
Vin Baker
57.3%
08-
09
Caron Butler
57.3%
07-
08
Jamal Crawford
57.3%
09-
10
Tyreke Evans
57.3%
77-
78
Artis Gilmore
57.3%
90-
91
Antoine Carr
56.8%
72-
73
Austin Carr
56.8%
64-
65
Jerry Lucas
56.8%
76-
77
Maurice Lucas
56.8%
88-
89
Chuck Person
56.8%
83-
84
Ralph Sampson
56.8%
79-
80
Jamaal Wilkes
55.7%
68-
69
Gail Goodrich
55.1%
71-
72
Spencer Haywood
55.1%
82-
83
Terry Cummings
54.6%
08-
09
Al Harrington
54.6%
68-
69
Billy Cunningham
54.1%
68-
69
Nate Thurmond
54.1%
72-
73
Neal Walk
54.1%
72-
73
Bob Dandridge
53%
79-
80
Reggie Theus
53%
56-
57
Bill Sharman
52.4%
68-
69
Lou Hudson
51.9%
75-
76
Paul Westphal
51.4%
03-
04
Zach Randolph
51.4%
96-
97
Tom Gugliotta
50.3%
94-
95
Isaiah Rider
50.3%
81-
82
Kelly Tripucka
50.3%
80-
81
Darrell Griffith
49.2%
58-
59
Jack Twyman
49.2%
94-
95
Dana Barros
48.6%
83-
84
Andrew Toney
48.6%
82-
83
Joe Barry Carroll
47.6%
91-
92
Kendall Gill
47.6%
84-
85
Orlando Woolridge
47.6%
73-
74
Rudy Tomjanovich
47%
87-
88
Otis Thorpe
46.5%
79-
80
Bill Cartwright
44.9%
75-
76
George McGinnis
43.8%
82-
83
Jim Paxson
43.8%
79-
80
Mike Mitchell
43.2%
89-
90
Tony Campbell
42.7%
52-
53
Neil Johnston
42.7%
71-
72
Sidney Wicks
42.7%
76-
77
John Drew
41.6%
82-
83
Larry Drew
41.6%
82-
83
Purvis Short
41.6%
68-
69
Dick Van Arsdale
41.6%
69-
70
Tom Van Arsdale
41.6%
78-
79
Otis Birdsong
40%
86-
87
Xavier McDaniel
39.5%
59-
60
Richie Guerin
38.9%
75-
76
Doug Collins
38.4%
60-
61
Bailey Howell
35.1%
58-
59
Cliff Hagan
33.5%
76-
77
Billy Knight
33%
81-
82
John Long
32.4%
89-
90
Wayman Tisdale
31.9%
68-
69
Jeff Mullins
31.4%
50-
51
Ed Macauley
30.3%
70-
71
Don May
30.3%
56-
57
George Yardley
29.7%
70-
71
Geoff Petrie
28.1%
70-
71
Archie Clark
25.9%
55-
56
Clyde Lovellette
25.4%
82-
83
Calvin Natt
24.9%
65-
66
Dick Barnett
23.2%
59-
60
Willie Naulls
22.7%
72-
73
Phil Chenier
21.6%
82-
83
Clark Kellogg
20.5%
83-
84
Jeff Ruland
20%
76-
77
John Williamson
18.9%
76-
77
Larry Kenon
16.8%
65-
66
Zelmo Beaty
16.2%
67-
68
Rudy LaRusso
14.1%
68-
69
Bob Rule
14.1%
71-
72
Jack Marin
13.5%
81-
82
Jay Vincent
13%
65-
66
Don Ohl
12.4%
69-
70
Joel Caldwell
11.4%
70-
71
Bob Kauffman
11.4%
58-
59
Kenny Sears
9.7%
68-
69
Kevin Loughery
8.6%
76-
77
Ron Boone
7.6%
63-
64
Terry Dischinger
6.5%
67-
68
Walt Hazzard
6.5%
59-
60
Gene Shue
6.5%
49-
50
Alex Groza
4.3%
68-
69
Don Kojis
3.2%
69-
70
Clem Haskins
2.7%
70-
71
Stu Lantz
0.5%
Quiz Playlist
Details
Report
Send in Message
Add To Playlist
More Info:
Players must have played enough games to qualify for league leaders in points.
Classic:
Type in answers that appear in a list
Quiz Source
Last Updated: Feb 16, 2017
Quiz Scoreboard
CHALLENGE
Sign Up to Join the Scoreboard
Show All
Scores
Hide
Comments
May contain spoilers
Recently Published
1-10 Letter E Words III
by El_Dandy
Language
2m
Street Fighter Characters
by Artimus82
Gaming
60s
College Basketball Coaching Resumes
by pancakes188
Sports
9m
More to Explore
Quiz From the Vault
Featured Blog Post
Where Did the Easter Bunny Come From?
hide this ad
You Might Also Like...
Tags
Basketball Quiz
NBA Quiz
Average
Averaging
Player
ppg
Scorer
season
team
Today's Top Quizzes in Sports
Browse Sports
hide this ad
Today's Top Quizzes in NBA
Browse NBA
Top Contributed Quizzes in Sports
1
2022 World Cup Stars
2
Les meilleurs buteurs des matchs entre le PSG et l’OM
3
FIFA Club World Cup Champions
4
Les entraîneurs de l'OM et du PSG au 21e siècle
5
Criteria MLB: Left Handed Sluggers
6
2023 MLB Unique Player Accomplishments
7
AFC Teams Reveal (Wrong Answers Minefield)
8
Players with Multiple 50 Home Run Seasons
9
5-to-1: FBS Animal Nicknames
10
5-to-1: UK Sports Teams
Explore More
Trending Topics
Crossword
Anime
Kpop
Marvel
Disney
NBA
Harry Potter
Song
Country
Pokémon
WWE
Puzzle
The Office
Soccer
NFL
hide this ad
More By:
shiftyeyedog
Quiz
Plays
Rating
Category
Featured
Created
Illinois basketball players during 2000s
887
5.00
Sports
Feb 13, 2010
McDonald's All-Americans 2002-2009
842
5.00
Sports
Mar 29, 2010
McDonald's All-Americans 1994-2001
328
5.00
Sports
Mar 29, 2010
20 ppg scorers in a season
185
4.75
Sports
Jun 4, 2011
Foreign-born NBA lottery picks
106
2.00
Sports
May 9, 2010
Go to Creator's Profile
Score Distribution
Quiz Creator Spotlight
shiftyeyedog
Follow
Send a Message
Quizzes Created
-
Created Quiz Play Count
-
More By This Creator
Popular Quizzes Today
1
Find the US States - No Outlines Minefield
2
Find the Countries of Europe - No Outlines Minefield
3
The Countries of the World
4
Find the US States
5
Risky Map Clicking: Biggest States A-Z
6
US States
7
Popular People in 1961
8
Movies - When Are They Set?
More Sports Quizzes
Dennis Rodman's Top Scoring teammates per season
Quiz Lab
Trending Quizzes
Risky Map Clicking: Least Populous States A-Z
Billboard Blitz: Aretha Franklin
Famous Russians: Author or Composer?
1-10 Letter G Words
Countries of the World: 200 Million BC
Recently Updated
Leaping Animals
pecheneg
Reality TV Shows (A-Z)
bhenderson79
Rickey Henderson's Hall of Fame Teammates
pecheneg
Champions League XIs: Arsenal
pecheneg
Quick Pick: Celebrities in WWE's Hall of Fame
aduchscher
A-Z Keypad Blitz II
pecheneg
Multiple Oscar Actors
pecheneg
Mystery Phrase Blitz: Oscar 'Best Actors'
pecheneg
F. Scott Fitzgerald Novels
LTH
Pick 3 Villains
ddd62291
Trending Topics
Disney
NBA
Anime
Marvel
Kpop
Harry Potter
Crossword
Puzzle
Song
Soccer
Pokémon
WWE
Country
NFL
The Office
Your Account Isn't Verified!
In order to create a playlist on Sporcle, you need to verify the email address you used during registration. Go to your
Sporcle Settings
to finish the process.
Report this User
Report this user for behavior that violates our
Community Guidelines
.
Details:
Send Report
Go to the Sporcle.com Mobile Site →
Comments